000 01228nam a22003017a 4500
001 5304
003 FISKH
005 20241125135641.0
008 241125b cb ||||| |||| 00| 0 eng d
020 _a9781338171518
040 _aFISKH
_beng
_cFISKH
_dFISKH
050 _aPZ7.G184154
082 _a823.92
100 _aGarlick, Nick
245 _aStorm Horse /
_cby Nick Garlick
250 _aFirst printing 2017
260 _aNew York :
_bScholastic ;
_c2017 .
300 _a242 pages :
_billustrations ;
_c20 cm .
505 _aY
520 _aHis mother left three years ago, so when twelve-year-old Flip's thieving father dies he goes to live with his stern and hostile uncle on the remote Dutch island of Mossum; there he works on the farm, dreams of his mother coming to get him, deals with the local bullies, and his only "friend' is a strange, mute girl whom he thinks of as the ghost girl--until he rescues a horse from the stormy sea and discovers a new purpose in caring for his charge.
521 8 _a880
_bLexile
521 8 _aY
_bRaz-Plus
650 _aanimals
_vFiction
650 _achiildren
_vFiction
700 _aLy, Carol
_ebook designer
942 _2ddc
_cBK
_n0
999 _c5304
_d5304